| 000 | 00552nam a2200205 a 4500 | ||
|---|---|---|---|
| 001 | 5964 | ||
| 003 | CDMR | ||
| 005 | 20130403095332.0 | ||
| 008 | 130220s2007||||||||||||||||||||||||||||d | ||
| 020 | _a9788495400437 (Dèria) | ||
| 040 |
_aCDMR _bcat _cCDMR |
||
| 100 | 1 |
_aBassas, Antoni _9771 |
|
| 245 | 1 | 0 |
_aQuè pensa Antoni Bassas _centrevistat per Núria Escur |
| 260 |
_aBarcelona _bDèria |
||
| 260 |
_bProa _c2007 |
||
| 300 |
_a153 p ; _c17 cm |
||
| 650 |
_aPeriodistes catalans _vBiografies _94 |
||
| 700 | 1 |
_93067 _aEscur, Núria |
|
| 942 |
_cMON _2udc |
||
| 999 |
_c5964 _d5964 |
||